| 000 | 01054nam a22002777a 4500 | ||
|---|---|---|---|
| 001 | 9411 | ||
| 003 | FISKH | ||
| 005 | 20260106091242.0 | ||
| 008 | 260106b cb ||||| |||| 00| 0 eng d | ||
| 020 | _a9780478029284 | ||
| 040 |
_aFISKH _beng _cFISKH _dFISKH |
||
| 050 | _aPZ7 | ||
| 082 | _a428.62 | ||
| 100 |
_aCartwright, Pauline _eAuthor |
||
| 245 |
_aThe playhouse : _bReading science / _cBy Pauline Cartwright ; illustrated by Donna Cross |
||
| 260 |
_aWellington : _bLearning Media Limited , _c1997 |
||
| 300 |
_a12 pages : _bcolor illustrations ; _c18 x 21 cm |
||
| 505 | _aJ | ||
| 520 | _aA group of children enjoy imaginative play in their playhouse, turning it into many different places through pretend play. As they share ideas and take turns, the story highlights creativity, cooperation, and the joy of playing together in a simple, child-friendly way. | ||
| 521 | 8 |
_a510
_bLexile |
|
| 521 | 8 |
_aJ
_bRaz-Plus |
|
| 650 |
_aHouseplay _vTreasure |
||
| 700 |
_aCross, Donna _eIllustrator |
||
| 942 |
_2ddc _cBK _n0 |
||
| 999 |
_c9411 _d9411 |
||